| 000 | 01017cad a22002295a 4500 | ||
|---|---|---|---|
| 001 | E151594 | ||
| 008 | 101122s2010 xxk f 100 0 eng d | ||
| 020 | _a9781842196199 | ||
| 035 | _a(Sirsi) u151594 | ||
| 041 | 0 | _aeng | |
| 100 | 1 | _aBraimah, Nuhu | |
| 111 | 2 |
_aConstruction and Building Research Conference _cDauphine Universite, Paris _d2-3 September 2010 |
|
| 245 | 0 | 2 |
_aA conceptual model for effective maintainance of productivity records _ba tool for facilitating the analysis of disruption claims _h[electronic resource] |
| 260 |
_aLondon _bRICS _c2010 |
||
| 520 | _aA paper presented at the COBRA Conference in Paris on 2-3 September 2010. | ||
| 590 | _aKA | ||
| 650 | 2 | 4 | _aCONSTRUCTION AND BUILDING RESEARCH CONFERENCE (COBRA) |
| 651 | 4 |
_aUnited Kingdom _y |
|
| 690 | _aMANAGEMENT-DISPUTE AVOIDANCE, MANAGEMENT AND RESOLUTION-DISPUTE MANAGEMENT AND RESOLUTION | ||
| 856 | 4 | 0 |
_uhttps://www.rics.org/site/scripts/download_info.aspx?fileID=7999&categoryID=720 _zBroken link - not available |
| 942 | _n0 | ||
| 999 |
_c111468 _d111468 |
||